Wastewater Engineering: Treatment and Reuse (Record no. 14138)
[ view plain ]
| 000 -LEADER | |
|---|---|
| fixed length control field | 00388nam a22001337a 4500 |
| 020 ## - INTERNATIONAL STANDARD BOOK NUMBER | |
| ISBN | 9780070495395 |
| 082 ## - DEWEY DECIMAL CLASSIFICATION NUMBER | |
| Classification number | 628.3 |
| Item number | MET/WA |
| 100 ## - MAIN ENTRY--AUTHOR NAME | |
| Personal name | Metcalf& Eddy Inc |
| -- | Tchobanoglous, George |
| 245 ## - TITLE STATEMENT | |
| Title | Wastewater Engineering: Treatment and Reuse |
| 250 ## - EDITION STATEMENT | |
| Edition statement | 4 th |
| 260 ## - PUBLICATION, DISTRIBUTION, ETC. (IMPRINT) | |
| Place of publication | New Delhi |
| Name of publisher | Tata McGraw Hill Education(India) Private Limited |
| Year of publication | 2013 |
| 300 ## - PHYSICAL DESCRIPTION | |
| Number of Pages | 1819 |
| 942 ## - ADDED ENTRY ELEMENTS (KOHA) | |
| Koha item type | Reference |
| Withdrawn status | Lost status | Damaged status | Collection code | Home library | Current library | Shelving location | Date acquired | Source of acquisition | Cost, normal purchase price | Full call number | Accession Number | Koha item type |
|---|---|---|---|---|---|---|---|---|---|---|---|---|
| KAUAET | KAUAET | General Stacks | 04/07/2016 | Aman Book Stall, Calicut | 1350.00 | 628.3 MET/WA | 24968 | Books | ||||
| Reference | KAUAET | KAUAET | Reference | 04/07/2016 | Aman Book Stall Calicut | 1175.00 | 628.3 MET/WA | 24672 | Reference | |||
| KAUAET | KAUAET | Scheme | 03/09/2016 | Cosmo Books, Kozhikkode. | 675.00 | 628.3 MET/WA | BB 76 | Book Bank scheme for SC students | ||||
| KAUAET | KAUAET | Scheme | 03/09/2016 | Cosmo Books, Kozhikkode. | 675.00 | 628.3 MET/WA | BB 77 | Book Bank scheme for SC students | ||||
| KAUAET | KAUAET | 27/10/2023 | 628.3 MET/WA | 24139 | Reference |
